000
00181nam a2200085Ia 4500
008
120527s9999 xx 000 0 und d
100
_a
Schefer, T.
245
_a
Sociology
942
_c
BK
999
_c
27716
_d
27716